000 00713 a2200193 4500
000 BKB
001 145296
005 20200902170923.0
008
020 _a9788125033868
082 _a362.556109
_bM47E
100 1 _aMehrotra, Santosh
245 1 _aEliminating human poverty: macroeconomic and social policies for equitable growth
_cby Santosh Mehrotra and Enrique Delamonica
260 _aHyderabad
_bOrient Blackswan
_c2007
300 _a432p.
630 _aSocial Work
690 _aDeveloping countries; Poverty--Government policy; Social policy; Economic policy; Human services; Poverty; Economic development
700 _aDelamonica, Enrique
_b
_c
999 _c22943
_d22943